| 000 | 00756nam a2200121Ia 4500 | ||
|---|---|---|---|
| 008 | 220620s9999||||xx |||||||||||||| ||und|| | ||
| 100 | _aScheithauer, Uwe||Kordaß, Richard||Noack, Kevin||F. Eichenauer, Martin||Hartmann, Mathias||Abel, Johannes||Ganzer, Gregor||Lordick, Daniel | ||
| 245 | 0 | _aChapter Potentials and Challenges of Additive Manufacturing Technologies for Heat Exchanger | |
| 546 | _aEnglish[eng] | ||
| 650 | _aadditive manufacturing, computer-aided design, flow simulation, metals, ceramics, fractal geometry | ||
| 856 | _uhttps://library.oapen.org/bitstream/20.500.12657/49292/1/63132.pdf||https://library.oapen.org/bitstream/20.500.12657/49292/1/63132.pdf||https://library.oapen.org/bitstream/20.500.12657/49292/1/63132.pdf | ||
| 942 | _cEB | ||
| 999 |
_c25673 _d25673 |
||